000 00657nam a2200229 a 4500
005 20210219153502.0
008 991125n 000 0 eng u
035 _aUPN01000102290
100 _aSaunders, Phillip
222 _aJOURNAL OF ECONOMIC EDUCATION
245 _aThe third edition of the test of understanding in college economics
300 _a255-272
362 _a1991 22, no. 3
653 0 _aCOMPROBACION EDUCATIVA
653 0 _aCONSTRUCCION DE PRUEBAS
653 0 _aECONOMIA
653 0 _aESTUDIANTES NO GRADUADOS
653 0 _aFORMATO DE PRUEBAS
653 0 _aPRUEBAS DE FIABILIDAD
904 _aAC
_b040101
905 _aArticulo
999 _c78120
_d78120